Islands by Letter - L - Statistics

General Stats
  • This quiz has been taken 90 times
  • The average score is 6 of 17
Answer Stats
Hint Island % Correct
Greek island of Sappho whose residents are called "Lesbians" Lesbos
93%
Island on which Brooklyn and Queens are located Long Island
93%
Mount Pinatubo erupted on this island in 1991 Luzon
85%
Easternmost of the Canary Islands Lanzarote
48%
Home to Italy's southernmost point and many refugees coming from North Africa Lampedusa
43%
Canarian island nicknamed "La Isla Bonita" La Palma
41%
Tourist island east of Bali Lombok
39%
Largest island in Scotland Lewis and Harris
36%
Southern Danish "Island" where everyone is "laughing out loud" Lolland
26%
Smallest publicly accessible inhabited island in the Hawaiian island chain Lanai
21%
Where Frédéric Auguste Bartholdi's most famous work is situated Liberty Island
20%
Island in Central Philippines known for its geothermal electric power plants near Ormoc Leyte
18%
Barrier island that hosts the Venice Film Festival annually Lido
18%
Largest island in Hong Kong by area Lantau
13%
Aristotle Onassis owned Skorpios, an island located east of this other major island Lefkada
11%
"Leading" island in Stockholm that is home to many wealthy families Lidingö
6%
Private island in the U.S. Virgin Islands where many of the crimes against minors were committed by Jeffrey Epstein and his friends Little Saint James
6%
No matching quizzes found
Score Distribution
Percent of People with Each Score
Percentile by Number Answered
Your Score History
You have not taken this quiz